000 00535nam a2200229Ia 4500
003 OSt
005 20220924142729.0
006 a|||||r|||| 00| 0
007 ta
008 ASM
024 _a303079
037 _cTextual
040 _aARTS
_cARTS
_bASM
041 _2ASM
_aASM
082 _aY12:6, 158N2
100 _aDecka
_9213949
245 0 _aAmar jubosamaj vishwvijay koriboloi olai ahak
260 _c1992
650 _aSOCIOLOGY
942 _hY12:6, 158N2
_cTEXL
_2CC
999 _c451742
_d451742